Vista normal Vista MARC

Entrada Materia (reunión)

Número de registros utilizados en: 1

001 - CONTROL NUMBER

  • control field: 37782

003 - CONTROL NUMBER IDENTIFIER

  • control field: Co-BoUCM

005 - DATE AND TIME OF LATEST TRANSACTION

  • control field: 20130520074543.0

008 - FIXED-LENGTH DATA ELEMENTS

  • fixed length control field: 130520|| aca||aabn | a|a d

040 ## - CATALOGING SOURCE

  • Original cataloging agency: Co-BoUCM
  • Transcribing agency: Co-BoUCM

111 ## - HEADING--MEETING NAME

  • Meeting name or jurisdiction name as entry element: Conference Development Thinking and Practice
  • Date of meeting: (1996
  • Location of meeting: Washington, D.C.)

670 ## - SOURCE DATA FOUND

  • Source citation: Work cat.: (Co-BoUCM)166558: Conference Development Thinking and Practice (1996 Washington, D.C.), El desarrollo económico y social en los umbrales del siglo XXI, 1998